Comprehensive membrane science and engineering

Gespeichert in:
Bibliographische Detailangaben
Hauptverfasser: Drioli, Enrico (VerfasserIn), Giorno, Lidietta (VerfasserIn)
Format: Buch
Sprache:Englisch
Veröffentlicht: Oxford Elsevier 2010
Ausgabe:1a. ed
Schlagworte:
Tags: Tag hinzufügen
Keine Tags, Fügen Sie den ersten Tag hinzu!

MARC

LEADER 00000cam a2200000 a 4500
001 UCG8729
003 CL-VaPUC
008 111229e20100000UK |||||||||||||||||eng|d
020 |a 9780444532046 
082 0 4 |a 660.28424  |b DRI  |2 21 
100 0 |a Drioli, Enrico  |e author  |9 559865 
700 0 |a Giorno, Lidietta  |e author  |9 559866 
245 1 0 |a Comprehensive membrane science and engineering 
250 |a 1a. ed 
300 |a 4 v 
942 |c BK 
945 |d 20111229 00:00:00  |a cmena 
260 |a Oxford  |b Elsevier  |c 2010 
500 |a v.1: Basic aspects of membrane science and engineering 
500 |a v.2: Membrane operations in molecular separations 
500 |a v.3: Chemical and biochemical transformations in membrane systems 
500 |a v.4: Membrane contactors and integrated membrane operations 
650 0 |a Membranas  |9 334031 
650 0 |a Separación de membranas   |9 323897 
650 7 |a OPERACIONES UNITARIAS  |2 CL-VaPUC  |9 405439 
650 7 |a SEPARACION MOLECULAR  |2 CL-VaPUC  |9 464946 
583 |a last modification  |c 20111229 10:48:00  |k Rodrigo Vera 
999 |c 346327  |d 346325 
952 |0 0  |1 0  |4 0  |6 660_284240000000000_DRI_2010  |7 0  |8 A  |9 446986  |a BIBALI  |b BIBALI  |c GEN  |d 2019-11-22  |h v.1  |i 481990K  |o 660.28424 DRI 2010  |p 481990K  |r 2025-01-20  |w 2019-11-22  |y BK  |k ALI 
952 |0 0  |1 0  |4 0  |6 660_284240000000000_DRI_2010  |7 0  |8 A  |9 446987  |a BIBALI  |b BIBALI  |c GEN  |d 2019-11-22  |h v.2  |i 4819918  |o 660.28424 DRI 2010  |p 4819918  |r 2025-01-20  |w 2019-11-22  |y BK  |k ALI 
952 |0 0  |1 0  |4 0  |6 660_284240000000000_DRI_2010  |7 0  |8 A  |9 446988  |a BIBALI  |b BIBALI  |c GEN  |d 2019-11-22  |h v.3  |i 4819926  |o 660.28424 DRI 2010  |p 4819926  |r 2025-01-20  |w 2019-11-22  |y BK  |k ALI 
952 |0 0  |1 0  |4 0  |6 660_284240000000000_DRI_2010  |7 0  |8 A  |9 446989  |a BIBALI  |b BIBALI  |c GEN  |d 2019-11-22  |h v.4  |i 4819934  |o 660.28424 DRI 2010  |p 4819934  |r 2025-01-20  |w 2019-11-22  |y BK  |k ALI